Personnages Historiques de A à Z (P.1) - Statistiques

Statistiques générales
  • Ce quiz a été pris 2 650 fois
  • Le résultat moyen est 12 sur 26
Statistiques - réponses
Lettre Indice Réponse % Correct
Z Écrivain ayant participé à la défense d'Alfred Dreyfus Émile Zola
88%
P Il inventa le vaccin contre la rage Louis Pasteur
88%
N Empereur romain controversé, sous son règne le grand incendie de Rome ravage la ville Néron
77%
G Inventeur des caractères métalliques mobiles, soit de l'imprimerie moderne Johannes Gutenberg
74%
A Grand conquérant surnommé le "fléau de dieu" Attila
64%
O Écrivain Britannique, auteur d'une célèbre dystopie George Orwell
64%
K Philosophe Prussien du 18e siècle Emmanuel Kant
59%
L Roi Spartiate connu pour avoir combattu les Perses aux Thermopyles Léonidas
57%
U Pape qui lança la première croisade Urbain II
57%
Q Rival de François 1er et Empereur du Saint-Empire Romain Germanique Charles Quint
53%
S L'empire Ottoman atteint son apogée sous son règne Soliman le Magnifique
48%
B Grand artisan de l'unification Allemande Otto von Bismarck
47%
I Écrivain et dramaturge franco-roumain, son premier succès est "la cantatrice chauve" Eugène Ionesco
45%
J Homme politique assassiné la veille de la 1e Guerre Mondiale Jean Jaurès
45%
R Considéré comme l'un des plus grands peintres de l'histoire Rembrandt
45%
Y Femme de lettre Française Marguerite Yourcenar
43%
H Considéré comme étant le premier historien Hérodote
42%
V Écrivain français, pionnier de la science-fiction Jules Verne
40%
X Fils de Darius 1er vaincu par les Grecs Xerxès 1er
37%
C Sculptrice et muse d'Auguste Rodin Camille Claudel
34%
F Homme d'État Français, surintendant des finances sous Louis XIV Nicolas Fouquet
32%
D On oppose souvent Alexandre le Grand à ce philosophe grec Diogène
29%
W Avec Robert Bruce, c'est la figure la plus importante de la résistance Écossaise face aux Anglais William Wallace
29%
E Écrivain français pilier du surréalisme Paul Éluard
19%
T Première femme à effectuer un vol dans l'espace Valentina Terechkova
7%
M Physicienne qui découvrit la fission nucléaire Lise Meitner
4%
Aucun quiz correspondant
Distribution des résultats
% des personnes avec chaque résultat
Percentile par nombre de réponses
Votre historique - résultats
Vous n’avez pas pris ce quiz